000 00330nam a2200133Ia 4500
008 240624s9999 xx 000 0 und d
041 _aeng
082 _a828 UPA
100 _aUPADHYAYA RAJNIKANT
245 _aLEARN MEDITATION
260 _c2006
_aNew Delhi
_bLotus Press
300 _av, : 133 : p. : cm. ; 23
365 _cRS
_b25
999 _c23701
_d23701